| 000 | 00889cam a2200205 4500 | ||
|---|---|---|---|
| 001 | sa 68020480 | ||
| 003 | DLC | ||
| 005 | 20260227112724.0 | ||
| 008 | 871006m19379999ce d 000 0 sino | ||
| 010 | _asa 68020480 | ||
| 040 |
_aDLC _cDLC _dDLC |
||
| 050 | 0 | 0 |
_aPK2837 _b.S5 1937 |
| 245 | 0 | 0 |
_aSiṃhala śabdakoṣaya. _cḌī.Bī. Jayatilaka mahatānangē pradhānatvayen sampādanayaraṇa ladī. |
| 260 |
_a[Koḷamba] _bRājakīya Ásiyātika Samitiyē Laṅkā Śākhāva, _c1937-<1992 > |
||
| 300 |
_av. <1-16, 18, 24, 25 (pts. 1, 2, 3), 26; 30-34, pt. 14; 36, pt. 16, 45 (pt. 4) > _c28 cm. |
||
| 500 | _aVols. 6-16, 18 published by Sri Lanka University Press. | ||
| 500 | _aVols. 19, 21, 28-29, 33-34, pt. 14; 36, pt., 16 published by the Ministry of Cultural Affairs. | ||
| 650 | 0 |
_aSinhalese language _xDictionaries. |
|
| 700 | 1 |
_aJayatilaka, Ḍī. Bī., _cSir, _d1868-1944. |
|
| 999 |
_c89444 _d89444 |
||